|
|
|
|
| LEADER |
00000cam a2200000 7i4500 |
| 001 |
0000004081 |
| 002 |
000004393 |
| 005 |
20000330.0 |
| 020 |
|
|
|a T000000338
|
| 090 |
0 |
0 |
|a 370.595021
|b MAL
|
| 110 |
1 |
|
|a Malaysia
|c Jabatan Pendidikan
|
| 245 |
0 |
0 |
|a Perangkaan pendidikan di Malaysia .
|p Educational statistics of Malaysia
|c diusahakan oleh Bahagian Perancangan dan Penyelidikan Pendidikan
|
| 260 |
|
|
|a Kuala Lumpur :
|b DBP ,
|c 1993
|
| 300 |
|
|
|a 141p. :
|b ill ;
|c 28cm.
|
| 650 |
0 |
0 |
|a Education
|z Malaysia
|x Periodicals
|
| 650 |
0 |
0 |
|a Education
|z Malaysia
|x Statistics
|
| 710 |
1 |
|
|a Malaysia ,
|c Kementerian Pendidikan
|
| 999 |
|
|
|a 037280
|b BUKU
|c MALAYSIANA
|e PERPUSTAKAAN KOMUNITI PETALING JAYA
|